000 00409nam a2200157Ia 4500
008 210210b1991 xxu||||| |||| 00| 0 eng d
020 _a81 206 0569 1
041 _aeng
082 _a491.46 DACK
100 _aDA CUNHA (J Gerson).
245 _aKonkani language and literature.
260 _aNew Delhi.
_bAsian Educational Services.,
_c1991
300 _a50
690 _aKonkani Language
906 _a050268
999 _c99249
_d99249